000 01225nam a22003377a 4500
003 DO-SdBNP
005 20260303090148.0
007 ta
008 111031s2013 mx 001 0 spa d
020 _a9789945009132
040 _aDO-SdBNP
_bspa
_cBNPHU
_erda
041 _aspa
082 4 _aBNPHU 972.93054
_bA185r
_222
100 1 _aAcosta Matos, Eliades,
_d1959-
_eautor
_4aut.
_974479
245 1 0 _a1963 :
_brevolución inconclusa /
_cEliades Acosta Matos ; editora, Irene Hernández
246 1 3 _aMil novecientos sesenta y tres :
_brevolución inconclusa
250 _aPrimeraa edición
264 4 _aSanto Domingo :
_bFundación Juan Bosch,
_c©2013.
300 _a490 páginas ;
_c23 cm.
336 _atexto
_btxt
_2rdacontent
337 _asin mediación
_bn
_2rdamedia
338 _avolumen
_bnc
_2rdacarrier
490 1 _aColección Bosch Vive
_v8
500 _aIncluye referencias bibliográficas y notas al pie de las páginas
500 _aIncluye índice onomástico
500 _aIncluye datos biográficos del autor en la solapa de la cubierta
590 _aInventariado, 2025/BT
651 4 _aRepública Dominicana
_xHistoria
_yGolpe de estado, 1963
_934712
910 _aBtavárez
942 _2ddc
_cLBS1
999 _c59884
_d59884